LIBRARY & INFORMATION CENTRE, KCAET, TAVANUR

ONLINE PUBLIC ACCESS CATALOGUE (OPAC)

Textbook of building construction (Record no. 15511)

MARC details
000 -LEADER
fixed length control field 00329nam a22001337a 4500
003 - CONTROL NUMBER IDENTIFIER
control field OSt
008 - FIXED-LENGTH DATA ELEMENTS--GENERAL INFORMATION
fixed length control field 180823b ||||| |||| 00| 0 eng d
082 ## - DEWEY DECIMAL CLASSIFICATION NUMBER
Classification number 690
Item number MOO/TE
100 ## - MAIN ENTRY--AUTHOR NAME
Personal name Moorthy, N.K.R
245 ## - TITLE STATEMENT
Title Textbook of building construction
260 ## - PUBLICATION, DISTRIBUTION, ETC. (IMPRINT)
Place of publication Poona
Name of publisher Engineering book publishing
300 ## - PHYSICAL DESCRIPTION
Number of Pages 622
942 ## - ADDED ENTRY ELEMENTS (KOHA)
Koha item type Books
Holdings
Withdrawn status Lost status Damaged status Home library Current library Date acquired Full call number Accession Number Koha item type
      KAUAET KAUAET 23/08/2018 690 MOO/TE 19288 Books
free website counter